000
00277nam a2200085Ia 4500
245
0
_a
The lion and the springbok : Britain and South Africa since the Boer War
100
_a
HYAM, Ronald Cambridge, 2003
_9
104696
942
_c
BK
008
210818s9999 xx 000 0 und d
999
_c
474951
_d
474951